000 00686nam a2200289Ia 4500
005 20260324120757.0
008 008 260324s9999 xx 000 0 eng d
020 _a9780240824444
037 _aEBOOK
040 _aCRL
040 _beng
040 _cCRL
041 _2eng
041 _aeng
084 _qCRL
100 _aAnthony Artis
_91159926
245 4 _aThe Shut Up and Shoot Documentary Guide
245 2 _bA Down & Dirty DV Production
260 _bTaylor and Francis
260 _c2014
365 _a
365 _b230
856 _uhttp://www.taylorfrancis.com/books/9780240824444
942 _cEBOOK
999 _c1751625
_d1751625